WTA Best tennis Players in every country 1975-2026 - Statistics

General Stats
  • This quiz has been taken 27 times
  • The average score is 26 of 50
Answer Stats
Country Tennis Player % Correct
USA Martina Navratilova | Serena Williams | Chris Evert | Monica Seles | Lindsay Davenport | Jennifer Capriati | Tracy Austin | Venus Williams
100%
Germany Steffi Graf | Angelique Kerber
100%
Belgium Justine Henin | Kim Clijsters
95%
Switzerland Martina Hingis
95%
Belarus Aryna Sabalenka | Victoria Azarenka
90%
Australia Ashleigh Barty | Evonne Goolagong Cawley
90%
Ukraine Elina Svitolina
90%
Serbia Monica Seles | Jelena Jankovic | Ana Ivanovic
90%
Denmark Caroline Wozniacki
85%
Russia Dinara Safina | Maria Sharapova
85%
Italy Francesca Schiavone | Jasmine Paolini
85%
Poland Iga Swiatek
85%
Greece Maria Sakkari
85%
China Na Li
85%
Tunisia Ons Jabeur
85%
Romania Simona Halep
85%
Kazakhstan Elena Rybakina
80%
Japan Naomi Osaka
80%
France Amelie Mauresmo
75%
Spain Arantxa Sanchez-Vicario | Garbine Muguruza
75%
Latvia Jelena Ostapenko
75%
Czechia Karolina Pliskova
75%
Estonia Anett Kontaveit
60%
Canada Bianca Andreescu
60%
Brazil Beatriz Haddad Maia
55%
Argentina Gabriela Sabatini
55%
Netherlands Kiki Bertens
55%
Philippines Alexandra Eala
50%
India Sania Mirza
50%
Slovakia Dominika Cibulkova
45%
Bulgaria Manuela Maleeva
45%
UK Virginia Wade
45%
Puerto Rico Kristina Brandi | Monica Puig
40%
South Africa Amanda Coetzer
20%
Israel Shahar Pe'er
20%
Austria Barbara Schett
15%
Thailand Tamarine Tanasugarn
15%
Luxembourg Anne Kremer
10%
Taiwan Hseih Su-Wei
10%
Hungary Andrea Temesvari
5%
Colombia Fabiola Zuluaga
5%
Croatia Iva Majoli
5%
Slovenia Katerina Srebotnik
5%
New Zealand Belinda Cordwell
0%
Sweden Catarina Lindqvist
0%
Uzbekistan Iroda Tulyaganova
0%
Peru Laura Arraya
0%
Georgia Leila Meskhi
0%
Venezuela Maria Vento-Kabchi
0%
Indonesia Yayuk Basuki
0%
No matching quizzes found
Score Distribution
Percent of People with Each Score
Percentile by Number Answered
Your Score History
You have not taken this quiz